| 000 | 00629nam a22002177a 4500 | ||
|---|---|---|---|
| 003 | OSt | ||
| 005 | 20141126140933.0 | ||
| 008 | 141126b xxu||||| |||| 00| 0 eng d | ||
| 020 | _a085598192x | ||
| 040 | _cDNLM | ||
| 082 | _aWA 675 D294d 1993 | ||
| 100 |
_aDavis Jan _91231 |
||
| 245 |
_aDeveloping and managing community water supplies / _cJan Davis and Gerry Garvey, with Micheal Wood |
||
| 260 |
_aUK: _bOxfarm; _c1993. |
||
| 300 |
_avi, 178 p : _bill; _c27 cm. |
||
| 504 | _aIncludes index. | ||
| 650 |
_aManaging community water _92133 |
||
| 700 |
_aGarvey Gerry _91233 |
||
| 700 |
_aWood Michael _91234 |
||
| 942 |
_2z _cSLOAN |
||
| 999 |
_c791 _d791 |
||